000 00793cam a22002773a 4500
001 8526
003 PGUSA
005 20140828083201.0
008 040601s2004||||xxu|||||s|||||000 1 eng d
040 _aPGUSA
_beng
042 _adc
050 4 _aPS
100 1 _aTwain, Mark,
_d1835-1910
245 1 0 _aEve's Diary, Part 1
_h[electronic resource] /
_cMark Twain
260 _bProject Gutenberg,
_c2004
506 _aPublic domain in the USA.
516 _aElectronic text
653 _aBible. Genesis -- History of Biblical events -- Fiction
653 _aDiary fiction
653 _aEve (Biblical figure) -- Fiction
653 _aHumorous stories
700 1 _aRalph, Lester
830 0 _aProject Gutenberg
_v8526
856 4 0 _uhttp://www.gutenberg.org/ebooks/8526
942 _cEB
999 _c237826
_d237826